Vibroengineering PROCEDIA : papers presented at the 27th International Conference on Vibroengineering. Katowice, Poland, 26-28 September, 2017

Saved in:
Bibliographic Details
Corporate Author: International Conference on Vibroengineering Katowice, Poľsko
Format: Conference Proceeding Journal
Language:Slovak
Tags: Add Tag
No Tags, Be the first to tag this record!

MARC

LEADER 00000nas a22000003a 4500
001 0026571
003 SK-STU
005 20171003154440.7
007 ta
008 171003c ----xo--rzpe-|| -0---b0slo-d
022 |a 2345-0533 
040 |a STU  |b slo 
111 2 |a International Conference on Vibroengineering  |n 27th  |d 26. - 28. 9. 2017  |c Katowice, Poľsko 
245 0 |a Vibroengineering PROCEDIA :  |b papers presented at the 27th International Conference on Vibroengineering. Katowice, Poland, 26-28 September, 2017 
773 0 8 |w stu_us_cat*0026569  |t Vibroengineering PROCEDIA  |x 2345-0533  |d Kaunas (Lithuania) : JVE International  |7 nnas 
996 |c V* 2509/sc-17  |d Vol. 13, 2017  |v Vol. 13  |y 2017  |l VV14  |s P  |a 0  |w 0026571_0001